Statistiques concernant Frontières de la Bulgarie

Cliquez ici pour prendre le quiz!

Statistiques générales

  • Ce quiz a été pris 78 fois
  • Le résultat moyen est 5 sur 5

Statistiques - réponses

Pays% Correct
Grèce
97%
Roumanie
97%
Macédoine
93%
Serbie
92%
Turquie
92%

Distribution des résultats

Percentile par nombre de réponses

% des personnes avec chaque résultat

Votre développement - résultats

Vous n’avez pas pris ce quiz